Countries by AI Descriptions #1 - Statistics

General Stats
  • This quiz has been taken 71 times
    68 since last reset
  • The average score is 14 of 20
Answer Stats
Clue 1 Clue 2 Clue 3 Country % Correct
Aztec Tequila Cactus Mexico
98%
Amazon Carnival Football Brazil
95%
Maple Ice Mounties Canada
92%
Bali Volcanoes Komodo Indonesia
91%
Guinness Shamrock Cliffs Ireland
88%
Kiwi Maori Hobbit New Zealand
88%
Tulips Windmills Cheese Netherlands
86%
Rum Cigars Salsa Cuba
77%
Andes Wine Easter Chile
74%
Canal Rainforest Caribbean Panama
72%
Pierogi Chopin Mazury Poland
72%
Petra Dead Desert Jordan
71%
Goulash Danube Thermal Hungary
69%
Borneo Petronas Rainforest Malaysia
65%
Temples Elephants Beaches Thailand
65%
Couscous Djerba Carthage Tunisia
58%
Rakija Monasteries Danube Serbia
48%
Tatras Castles Folk Slovakia
40%
Delta Sundarbans Rickshaw Bangladesh
38%
Coffee Rift Lalibela Ethiopia
35%
No matching quizzes found
Score Distribution
Percent of People with Each Score
Percentile by Number Answered
Your Score History
You have not taken this quiz since the last reset